[Event "Festival Seprio A"]
[Site "Castiglione Olona ITA"]
[Date "1995.12.??"]
[Round "4"]
[White "Medancic, Rikard"]
[Black "Djuric, Stefan"]
[Result "0-1"]
[WhiteElo "2340"]
[BlackElo "2470"]
[PlyCount "93"]
[EventDate "1995.12.27"]

1. d4 Nf6 2. c4 g6 3. Nc3 d5 4. Nf3 Bg7 5. e3 O-O 6. Qb3 c6 7. cxd5 cxd5 8. Be2
Nc6 9. O-O Qd6 10. Bd2 a6 11. a4 Na5 12. Qa2 Be6 13. Rfc1 Rfc8 14. h3 Qb6 15.
Rd1 h6 16. Be1 Rc7 17. Ne5 Qd6 18. Nd3 Nc6 19. Nf4 Rac8 20. Bf3 Rd7 21. Nxe6
Qxe6 22. a5 Rdd8 23. Na4 Qd6 24. Rab1 e6 25. b4 Na7 26. Nc5 Qe7 27. Be2 Ne8 28.
b5 Nxb5 29. Bxb5 axb5 30. Rxb5 Nd6 31. Rb6 Rc7 32. Bd2 Qe8 33. Rdb1 Bf8 34. Be1
Qe7 35. Qb3 Ra8 36. Nxb7 Nc4 37. Bb4 Qd8 38. Bxf8 Qxf8 39. a6 Nxb6 40. Qxb6 Qb8
41. g3 Rc2 42. Kg2 h5 43. h4 e5 44. Qf6 exd4 45. exd4 Re2 46. Rc1 Qf8 47. Nc5
0-1

[Event "Festival Seprio A"]
[Site "Castiglione Olona ITA"]
[Date "1995.12.??"]
[Round "4"]
[White "Naumkin, Igor"]
[Black "Nurkic, Sahbaz"]
[Result "1-0"]
[WhiteElo "2455"]
[BlackElo "2420"]
[PlyCount "161"]
[EventDate "1995.12.27"]

1. d4 Nf6 2. c4 c5 3. d5 b5 4. cxb5 a6 5. b6 d6 6. Nc3 Nbd7 7. e4 Qxb6 8. a4 g6
9. a5 Qc7 10. f4 Bg7 11. Bc4 O-O 12. Nf3 Rb8 13. O-O Rb4 14. Qd3 Ng4 15. b3 Kh8
16. Ra2 Qb8 17. Nd1 e5 18. h3 Ngf6 19. fxe5 Nxe5 20. Nxe5 dxe5 21. Ba3 Nh5 22.
Bxb4 Qxb4 23. Qe3 Nf4 24. Ra4 Qb8 25. Qxc5 Bd7 26. Ra2 Qd8 27. Kh2 Qh4 28. Qf2
Qe7 29. Bxa6 f5 30. Bc4 fxe4 31. Qe3 Bh6 32. a6 Kg7 33. Qxe4 Bf5 34. Qf3 Nh5
35. a7 Bf4+ 36. Kg1 e4 37. Qxh5 gxh5 38. Rxf4 Qe5 39. Rxf5 Qxf5 40. a8=Q Rxa8
41. Rxa8 Qe5 42. Kf2 Qd4+ 43. Ke2 Qg1 44. Ne3 Qb1 45. Ra6 Qb2+ 46. Ke1 Kf7 47.
Re6 Qc1+ 48. Kf2 Qd2+ 49. Be2 Qd4 50. Bxh5+ Kf8 51. Be2 Kf7 52. Rh6 Kg7 53. Rh5
Kg8 54. Rf5 Kg7 55. Rf4 Kg8 56. d6 Qxd6 57. Bc4+ Kh8 58. Rxe4 Qf6+ 59. Ke2 Qb2+
60. Kf3 Qc3 61. Re8+ Kg7 62. Re7+ Kf8 63. Re6 Kg7 64. g4 h6 65. Ke4 Qe1 66. Kd3
Qg3 67. Kc2 Qf2+ 68. Kd1 Qb2 69. Nf5+ Kf8 70. Re3 Qg2 71. Be2 Qg1+ 72. Kc2 Qa1
73. h4 Qa2+ 74. Kd1 Qb1+ 75. Kd2 h5 76. g5 Qg1 77. Rf3 Kg8 78. Re3 Qg2 79. Nd4
Kf8 80. Ne6+ Kg8 81. Rf3 1-0

[Event "Festival Seprio A"]
[Site "Castiglione Olona ITA"]
[Date "1995.12.??"]
[Round "4"]
[White "Pax, Horst"]
[Black "Scavo, Fernando"]
[Result "1/2-1/2"]
[WhiteElo "2175"]
[BlackElo "2260"]
[PlyCount "90"]
[EventDate "1995.12.27"]

1. e4 e6 2. d4 d5 3. Nc3 Bb4 4. e5 c5 5. a3 Bxc3+ 6. bxc3 Ne7 7. Qg4 Kf8 8. a4
b6 9. Nf3 Qc7 10. Ba3 h6 11. h4 Ba6 12. h5 cxd4 13. Qxd4 Bxf1 14. Kxf1 Nbc6 15.
Qe3 Na5 16. Nd4 Kg8 17. g4 Nc4 18. Qf4 Nxa3 19. Rxa3 Nc6 20. Nxc6 Qxc6 21. Qd4
Kf8 22. a5 Ke7 23. Kg2 b5 24. a6 Rhb8 25. Rb1 Rb6 26. Ra5 Rab8 27. f3 Rxa6 28.
Rxa6 Qxa6 29. Qc5+ Kd7 30. Ra1 Rc8 31. Qg1 Qc6 32. Rxa7+ Ke8 33. Qb1 Qb6 34.
Qa1 Qe3 35. Qa3 Qe2+ 36. Kg1 Qe3+ 37. Kg2 Qc5 38. Qa5 Qxc3 39. Qxb5+ Qc6 40.
Qb4 Qxc2+ 41. Kg3 Qc5 42. Qb7 Qg1+ 43. Kh3 Qf1+ 44. Kg3 Qe1+ 45. Kh3 Qh1+
1/2-1/2

[Event "Festival Seprio A"]
[Site "Castiglione Olona ITA"]
[Date "1995.12.??"]
[Round "4"]
[White "Satta, Vladimiro"]
[Black "Contini, Luca"]
[Result "1/2-1/2"]
[WhiteElo "2300"]
[BlackElo "2315"]
[PlyCount "61"]
[EventDate "1995.12.27"]

1. e4 c5 2. c3 d6 3. d4 Nf6 4. dxc5 Nc6 5. f3 d5 6. Bg5 dxe4 7. Qxd8+ Nxd8 8.
Nd2 Ne6 9. Bxf6 exf6 10. Bb5+ Kd8 11. b4 Kc7 12. Nxe4 a5 13. Ne2 axb4 14. cxb4
b6 15. O-O bxc5 16. bxc5 Be7 17. N2c3 Rd8 18. Bc4 Kc6 19. Rfc1 Ba6 20. Bb3 f5
21. Nd6 Bxd6 22. Bd5+ Kd7 23. cxd6 Rab8 24. Rd1 Rb6 25. Bb3 Rxd6 26. Rxd6+ Kxd6
27. Rd1+ Kc5 28. Re1 Bc4 29. Bxc4 Kxc4 30. Rc1 Kd3 31. Nb5 1/2-1/2

[Event "Festival Seprio A"]
[Site "Castiglione Olona ITA"]
[Date "1995.12.??"]
[Round "5"]
[White "Ciampi, Vincenzo"]
[Black "Barlocco, Carlo"]
[Result "1/2-1/2"]
[WhiteElo "2160"]
[BlackElo "2160"]
[PlyCount "116"]
[EventDate "1995.12.27"]

1. e4 d5 2. Nc3 dxe4 3. Nxe4 Nf6 4. Nxf6+ gxf6 5. d4 Bg7 6. Bd3 Nc6 7. c3 Qd5
8. Ne2 Bf5 9. Nf4 Qd7 10. Be3 Bxd3 11. Nxd3 O-O-O 12. Qb3 Qd5 13. Qxd5 Rxd5 14.
O-O-O h5 15. h4 e6 16. Rh3 Ne7 17. Nf4 Rdd8 18. Ne2 Nf5 19. Kc2 c6 20. Bc1 Rdg8
21. g3 Nd6 22. Rhh1 Ne4 23. Rhf1 Rd8 24. Be3 b6 25. b3 Bf8 26. a4 Kb7 27. Nf4
Bd6 28. Nd3 Be7 29. Rfe1 Nd6 30. Nb2 a6 31. Nd3 Nf5 32. Bf4 b5 33. Ra1 b4 34.
cxb4 Nxd4+ 35. Kc3 Nxb3 36. Rad1 Nd4 37. Be3 e5 38. Bc1 Rhg8 39. Be3 Ne6 40.
Rb1 Nc7 41. Bc5 Rg4 42. Bxe7 Nd5+ 43. Kc2 Nxe7 44. Nc5+ Ka7 45. Ne4 Nd5 46. b5
cxb5 47. axb5 f5 48. f3 Rg6 49. Ng5 f6 50. Ne6 Re8 51. Rbd1 Rxe6 52. Rxd5 Rxg3
53. bxa6 Rc6+ 54. Kd2 Rxf3 55. Rd7+ Kb6 56. Rb1+ Kc5 57. Rc1+ Kb5 58. Rb1+ Ka4
1/2-1/2

[Event "Festival Seprio A"]
[Site "Castiglione Olona ITA"]
[Date "1995.12.??"]
[Round "5"]
[White "Djuric, Stefan"]
[Black "Naumkin, Igor"]
[Result "1/2-1/2"]
[WhiteElo "2470"]
[BlackElo "2455"]
[PlyCount "21"]
[EventDate "1995.12.27"]

1. e4 e6 2. d4 d5 3. Nc3 Bb4 4. e5 c5 5. Bd2 Nc6 6. Nb5 Bxd2+ 7. Qxd2 Nxd4 8.
Nxd4 cxd4 9. Nf3 Ne7 10. Nxd4 O-O 11. Bd3 1/2-1/2

[Event "Festival Seprio A"]
[Site "Castiglione Olona ITA"]
[Date "1995.12.??"]
[Round "5"]
[White "Mantovani, Renzo"]
[Black "Pax, Horst"]
[Result "1-0"]
[WhiteElo "2365"]
[BlackElo "2175"]
[PlyCount "63"]
[EventDate "1995.12.27"]

1. d4 Nf6 2. Nf3 g6 3. Bg5 Bg7 4. Nbd2 c5 5. e3 b6 6. c3 O-O 7. Bd3 Bb7 8. O-O
d6 9. Re1 Nbd7 10. e4 e5 11. d5 h6 12. Bh4 a6 13. a4 Qc7 14. Qb3 Nh5 15. Nc4
Bf6 16. Bxf6 Nhxf6 17. Bf1 Nh7 18. h4 f5 19. Ncxe5 fxe4 20. Nxd7 Qxd7 21. Rxe4
Nf6 22. Re3 Bxd5 23. Bc4 Bxc4 24. Qxc4+ Qf7 25. Qxf7+ Kxf7 26. Rd1 Rad8 27. c4
Rd7 28. Kf1 Rb8 29. Rb3 Ke7 30. g3 Rdb7 31. Re3+ Kf7 32. Rxd6 1-0

[Event "Festival Seprio A"]
[Site "Castiglione Olona ITA"]
[Date "1995.12.??"]
[Round "5"]
[White "Nurkic, Sahbaz"]
[Black "Bellini, Fabio"]
[Result "1/2-1/2"]
[WhiteElo "2420"]
[BlackElo "2350"]
[PlyCount "94"]
[EventDate "1995.12.27"]

1. e4 Nc6 2. d4 e5 3. d5 Nce7 4. Bd3 Ng6 5. Be3 Be7 6. Qd2 h6 7. Ne2 Bg5 8. O-O
Bxe3 9. fxe3 Nf6 10. c4 c5 11. d6 O-O 12. Nbc3 Re8 13. Ng3 Nh4 14. Nb5 Rf8 15.
Nf5 Nxf5 16. Rxf5 Ne8 17. Rxe5 b6 18. Bc2 a6 19. Nc3 Qf6 20. Re7 Nxd6 21. Nd5
Qxb2 22. Rb1 Qxa2 23. e5 Nf5 24. Nc3 Qxb1+ 25. Bxb1 Nxe7 26. Qd6 Re8 27. Qd3
Kf8 28. Qh7 Ng6 29. Be4 d5 30. Nxd5 Bb7 31. Bxg6 Bxd5 32. cxd5 fxg6 33. e6 Ke7
34. e4 Kf6 35. e5+ Kxe5 36. Qxg7+ Kxd5 37. Qd7+ Kc4 38. Qa4+ Kc3 39. Qa3+ Kd4
40. Qb2+ Kd5 41. Qb3+ Ke5 42. Qxb6 a5 43. Qxc5+ Kxe6 44. Qc6+ Kf7 45. Qd7+ Kg8
46. Qd5+ Kf8 47. Qd6+ Kf7 1/2-1/2

[Event "Festival Seprio A"]
[Site "Castiglione Olona ITA"]
[Date "1995.12.??"]
[Round "5"]
[White "Rossi, Giampiero"]
[Black "Capitelli, Paolo"]
[Result "1/2-1/2"]
[WhiteElo "2135"]
[BlackElo "1890"]
[PlyCount "92"]
[EventDate "1995.12.27"]

1. d4 Nf6 2. c4 g6 3. g3 Bg7 4. Bg2 d6 5. Nc3 O-O 6. Nf3 Nc6 7. O-O Bf5 8. Ne1
Qd7 9. f3 Bh3 10. e4 Bxg2 11. Kxg2 e5 12. d5 Ne7 13. Nd3 h5 14. Qe2 Nh7 15. Bd2
Kh8 16. b4 f5 17. c5 Bf6 18. b5 Rf7 19. c6 bxc6 20. bxc6 Qd8 21. Rab1 Rb8 22.
Rxb8 Qxb8 23. Rb1 Qd8 24. Rb7 fxe4 25. fxe4 Bg5 26. Rxa7 Qc8 27. a4 h4 28. Nf2
hxg3 29. hxg3 Bxd2 30. Qxd2 Nf6 31. Qe2 Neg8 32. Ncd1 Kg7 33. a5 Nh6 34. Ne3
Nh5 35. a6 Nf4+ 36. gxf4 exf4 37. Qb2+ Kh7 38. Nc4 Qd8 39. Qd4 Qg5+ 40. Kf1 Ng4
41. Nxg4 Qxg4 42. Nxd6 Qh3+ 43. Ke1 Qg3+ 44. Kd2 Qg2+ 45. Kc3 Qf1 46. Nxf7 Qa1+
1/2-1/2

[Event "Festival Seprio A"]
[Site "Castiglione Olona ITA"]
[Date "1995.12.??"]
[Round "5"]
[White "Scavo, Fernando"]
[Black "Satta, Vladimiro"]
[Result "1/2-1/2"]
[WhiteElo "2260"]
[BlackElo "2300"]
[PlyCount "61"]
[EventDate "1995.12.27"]

1. d4 Nf6 2. c4 e6 3. Nc3 Bb4 4. Qb3 c5 5. dxc5 Nc6 6. Nf3 Bxc5 7. Bg5 O-O 8.
e3 b6 9. Be2 Bb7 10. O-O Rc8 11. Rad1 Be7 12. Rd2 Na5 13. Qa4 Bc6 14. Qd1 Nxc4
15. Bxc4 Bxf3 16. gxf3 Rxc4 17. Bxf6 Bxf6 18. Rxd7 Qb8 19. Qd3 Rc7 20. Rd1 Rxd7
21. Qxd7 Rd8 22. Qb5 Bxc3 23. Rxd8+ Qxd8 24. bxc3 Kf8 25. Kg2 Qc7 26. Qb4+ Ke8
27. Qa4+ Ke7 28. Qh4+ Kf8 29. Qb4+ Qc5 30. Qe4 Qc7 31. Qb4+ 1/2-1/2

[Event "Festival Seprio A"]
[Site "Castiglione Olona ITA"]
[Date "1995.12.??"]
[Round "5"]
[White "Vujovic, Milorad"]
[Black "Contin, Daniel"]
[Result "0-1"]
[WhiteElo "2305"]
[BlackElo "2365"]
[PlyCount "36"]
[EventDate "1995.12.27"]

1. e4 e6 2. d4 d5 3. Nc3 Bb4 4. e5 c5 5. Qg4 Ne7 6. Qxg7 Rg8 7. Qxh7 cxd4 8. a3
Qa5 9. axb4 Qxa1 10. Nce2 Nbc6 11. f4 Nxb4 12. Nf3 d3 13. cxd3 Na2 14. f5 Nxc1
15. f6 Nxd3+ 16. Kd2 Qxb2+ 17. Ke3 Nxe5 18. fxe7 Ng4+ 0-1

[Event "Festival Seprio A"]
[Site "Castiglione Olona ITA"]
[Date "1995.12.??"]
[Round "6"]
[White "Ciampi, Vincenzo"]
[Black "Rossi, Giampiero"]
[Result "1/2-1/2"]
[WhiteElo "2160"]
[BlackElo "2135"]
[PlyCount "54"]
[EventDate "1995.12.27"]

1. e4 c5 2. Nf3 e6 3. d4 cxd4 4. Nxd4 a6 5. Bd3 Nc6 6. Nxc6 dxc6 7. O-O e5 8.
a4 Nf6 9. Nd2 Bd6 10. Nc4 Bc7 11. Qe2 O-O 12. Bg5 h6 13. Bh4 Be6 14. Rad1 Qe7
15. Ne3 Rfe8 16. Kh1 Rad8 17. f3 Rd4 18. b3 Rd7 19. Bc4 Rxd1 20. Rxd1 Rd8 21.
Rxd8+ Bxd8 22. Bxe6 Qxe6 23. Qd3 Bb6 24. c4 Bc7 25. Bxf6 gxf6 26. g3 b5 27.
axb5 axb5 1/2-1/2

[Event "Festival Seprio A"]
[Site "Castiglione Olona ITA"]
[Date "1995.12.??"]
[Round "6"]
[White "Contin, Daniel"]
[Black "Djuric, Stefan"]
[Result "0-1"]
[WhiteElo "2365"]
[BlackElo "2470"]
[PlyCount "106"]
[EventDate "1995.12.27"]

1. c4 c5 2. Nc3 g6 3. g3 Bg7 4. Bg2 Nc6 5. e3 Nf6 6. Nge2 O-O 7. O-O d6 8. h3
Ne5 9. d3 Bf5 10. e4 Bd7 11. Be3 a6 12. a3 Qc8 13. f4 Nc6 14. Kh2 b5 15. cxb5
axb5 16. e5 dxe5 17. Bxc5 Re8 18. Rc1 Qb8 19. Qb3 Na5 20. Qb4 Bc6 21. Bxc6 Nxc6
22. Qxb5 Qc8 23. Bb6 Qe6 24. Ne4 Nxe4 25. dxe4 Nd4 26. Nxd4 exd4 27. e5 Rab8
28. Qc6 Qf5 29. Bxd4 Red8 30. Bc3 h5 31. Qg2 Rd3 32. Qe2 Bh6 33. Rcd1 Rxd1 34.
Rxd1 h4 35. Qg4 Qe4 36. Re1 Rxb2+ 37. Bxb2 Qxe1 38. Qxh4 Qf2+ 39. Kh1 Bf8 40.
f5 Qf1+ 41. Kh2 Qe2+ 42. Kg1 Qd1+ 43. Kg2 Qc2+ 44. Kf3 Qb3+ 45. Ke4 gxf5+ 46.
Kxf5 Qc2+ 47. Kg4 Qe2+ 48. Kg5 Qxb2 49. Kh5 Qxe5+ 50. Qg5+ Bg7 51. a4 Qe6 52.
h4 Kh7 53. a5 f5 0-1

[Event "Festival Seprio A"]
[Site "Castiglione Olona ITA"]
[Date "1995.12.??"]
[Round "6"]
[White "Mantovani, Renzo"]
[Black "Nurkic, Sahbaz"]
[Result "0-1"]
[WhiteElo "2365"]
[BlackElo "2420"]
[PlyCount "82"]
[EventDate "1995.12.27"]

1. d4 g6 2. e4 Bg7 3. Nf3 c6 4. Be2 d5 5. exd5 cxd5 6. O-O Nc6 7. Re1 Nh6 8. c3
O-O 9. Bf4 Nf5 10. Nbd2 f6 11. Bb5 g5 12. Bg3 h5 13. h4 Nxg3 14. fxg3 g4 15.
Nh2 Qd6 16. Qb3 e6 17. Nhf1 Ne7 18. Bd3 f5 19. Re2 b6 20. a4 Nc6 21. Rae1 Bd7
22. Bb5 Na5 23. Qd1 Bc8 24. Nb3 a6 25. Bd3 Nc6 26. Qd2 Qd8 27. Bc2 Kh7 28. Rxe6
Bxe6 29. Rxe6 Qd7 30. Re2 Bh6 31. Qd3 Rae8 32. Rf2 Kg7 33. Qxa6 Re1 34. Kh2 Rf6
35. Qxb6 f4 36. gxf4 Rxf4 37. Kg1 g3 38. Rf3 Rxf3 39. gxf3 Qh3 40. Qc7+ Ne7 41.
Qxe7+ Rxe7 0-1

[Event "Festival Seprio A"]
[Site "Castiglione Olona ITA"]
[Date "1995.12.??"]
[Round "6"]
[White "Medancic, Rikard"]
[Black "Scavo, Fernando"]
[Result "1-0"]
[WhiteElo "2340"]
[BlackElo "2260"]
[PlyCount "131"]
[EventDate "1995.12.27"]

1. d4 e6 2. c4 Nf6 3. Nc3 Bb4 4. Qc2 O-O 5. a3 Bxc3+ 6. Qxc3 b6 7. Bg5 h6 8.
Bh4 Bb7 9. f3 d5 10. Rc1 Na6 11. e3 Rc8 12. Nh3 g5 13. Bg3 c5 14. dxc5 Nxc5 15.
b4 Ncd7 16. Qd2 Qe7 17. Be2 Rfd8 18. cxd5 Rxc1+ 19. Qxc1 Rc8 20. Qd2 exd5 21.
O-O Ne5 22. Rc1 Nc4 23. Bxc4 dxc4 24. Qd4 Rd8 25. Qe5 Qxe5 26. Bxe5 Nd7 27. Bc7
Rc8 28. Bg3 f5 29. Nf2 c3 30. Nd3 Ba6 31. Ne1 Kf7 32. a4 Ke6 33. Nc2 Bd3 34.
Ne1 Ba6 35. b5 Bb7 36. Nc2 Rc4 37. Nd4+ Kf6 38. Ne2 c2 39. Nd4 f4 40. Bf2 fxe3
41. Bxe3 Nc5 42. Nxc2 Nxa4 43. Ra1 a5 44. bxa6 Bxa6 45. Bxb6 Nxb6 46. Rxa6 Rxc2
47. Rxb6+ Kg7 48. h4 Ra2 49. Kh2 Ra4 50. hxg5 hxg5 51. Kh3 Rc4 52. Re6 Ra4 53.
Re4 Ra7 54. Kg4 Kg6 55. Re6+ Kf7 56. Rb6 Ra2 57. g3 Ra5 58. Kh5 Rf5 59. Rb7+
Kf6 60. Rb8 Ra5 61. g4 Rc5 62. Rb6+ Kf7 63. Rg6 Rc3 64. Rxg5 Rxf3 65. Rg6 Rh3+
66. Kg5 1-0

[Event "Festival Seprio A"]
[Site "Castiglione Olona ITA"]
[Date "1995.12.??"]
[Round "6"]
[White "Pax, Horst"]
[Black "Barlocco, Carlo"]
[Result "1-0"]
[WhiteElo "2175"]
[BlackElo "2160"]
[PlyCount "79"]
[EventDate "1995.12.27"]

1. e4 d5 2. exd5 Qxd5 3. Nc3 Qa5 4. d4 Nf6 5. Nf3 Nc6 6. Bc4 Bg4 7. h3 Bxf3 8.
Qxf3 O-O-O 9. d5 Ne5 10. Qf5+ Ned7 11. O-O e6 12. Qg5 h6 13. Qe3 exd5 14. Bd3
Bd6 15. Nb5 Bc5 16. Qg3 a6 17. Nc3 g5 18. Bd2 Bd6 19. Qf3 d4 20. Ne4 Qe5 21.
Nxd6+ Qxd6 22. Rfe1 Kb8 23. b4 Ne5 24. Qf5 Nxd3 25. Qxd3 Rhg8 26. b5 axb5 27.
Qxb5 Qd5 28. Qd3 Nh5 29. g3 f5 30. Rab1 Nf6 31. Rb5 c5 32. Ba5 Rde8 33. Reb1
Re7 34. Qa3 Ne4 35. Bb6 Rge8 36. Qa7+ Kc8 37. Bxc5 Nd2 38. Qa8+ Kd7 39. Rxb7+
Ke6 40. R1b6+ 1-0

[Event "Festival Seprio A"]
[Site "Castiglione Olona ITA"]
[Date "1995.12.??"]
[Round "6"]
[White "Satta, Vladimiro"]
[Black "Sgnaolin, Davide"]
[Result "1-0"]
[WhiteElo "2300"]
[BlackElo "1994"]
[PlyCount "107"]
[EventDate "1995.12.27"]

1. g3 d5 2. Bg2 Nf6 3. Nf3 c6 4. O-O Bg4 5. d3 Nbd7 6. Nbd2 e5 7. e4 dxe4 8.
dxe4 Bc5 9. Qe1 O-O 10. b3 Qc7 11. Bb2 Rfe8 12. h3 Bxf3 13. Nxf3 Nf8 14. Rd1
Ng6 15. Qe2 Rad8 16. Rxd8 Rxd8 17. h4 h5 18. Ng5 Qd7 19. Bf3 b5 20. Bxh5 Qd2
21. Rd1 Qxd1+ 22. Qxd1 Rxd1+ 23. Bxd1 Bd4 24. Bxd4 exd4 25. f4 c5 26. Be2 a6
27. Bf3 Nd7 28. e5 Ne7 29. Ne4 c4 30. bxc4 bxc4 31. Be2 Nb6 32. Nd6 Ned5 33.
Nxc4 Na4 34. Nd2 Nb4 35. Nb3 Nxc2 36. Bxa6 Nb2 37. Kf1 d3 38. a4 Nxa4 39. Bxd3
Ne3+ 40. Kf2 Nd5 41. Kf3 Nab6 42. Nc5 Ne7 43. Ke4 g6 44. g4 Kg7 45. Bb5 Nbc8
46. Nd7 Ng8 47. Ba6 Nce7 48. Bb7 Nh6 49. Nf6 Kf8 50. Kd4 Nxg4 51. Nxg4 Nf5+ 52.
Kd3 Nxh4 53. Be4 Kg7 54. Ke2 1-0

[Event "Festival Seprio A"]
[Site "Castiglione Olona ITA"]
[Date "1995.12.??"]
[Round "6"]
[White "Vujovic, Milorad"]
[Black "Contini, Luca"]
[Result "0-1"]
[WhiteElo "2305"]
[BlackElo "2315"]
[PlyCount "74"]
[EventDate "1995.12.27"]

1. c4 Nf6 2. d4 e6 3. Nc3 Bb4 4. Qc2 d5 5. e3 O-O 6. a3 Bxc3+ 7. Qxc3 Nbd7 8.
c5 e5 9. b4 Ne4 10. Qb3 exd4 11. Qxd5 dxe3 12. Bxe3 Qe7 13. Nf3 Re8 14. Bc4
Ndf6 15. Qd4 Nxf2 16. O-O Qxe3 17. Qxe3 Rxe3 18. Rxf2 Be6 19. Bxe6 Rxe6 20. Nd4
Re4 21. Rd2 c6 22. Rad1 Nd5 23. b5 Nc3 24. bxc6 Nxd1 25. Rxd1 bxc6 26. Nxc6 Kf8
27. Rd7 Rc8 28. Nb4 Rxc5 29. Rxa7 Re2 30. h3 g6 31. a4 Rg5 32. g4 Rc5 33. Kf1
Rh2 34. Nd3 Rc3 35. Kg1 Rd2 36. Nf2 Rc1+ 37. Kg2 Rcc2 0-1

[Event "Festival Seprio A"]
[Site "Castiglione Olona ITA"]
[Date "1995.12.??"]
[Round "7"]
[White "Barlocco, Carlo"]
[Black "Scavo, Fernando"]
[Result "1/2-1/2"]
[WhiteElo "2160"]
[BlackElo "2260"]
[PlyCount "29"]
[EventDate "1995.12.27"]

1. d4 Nf6 2. c3 g6 3. Bf4 Bg7 4. Nd2 d5 5. e3 O-O 6. Ngf3 c6 7. Bd3 Bg4 8. h3
Bxf3 9. Qxf3 Nbd7 10. O-O Re8 11. e4 dxe4 12. Nxe4 Nxe4 13. Bxe4 e5 14. dxe5
Nxe5 15. Bxe5 1/2-1/2

[Event "Festival Seprio A"]
[Site "Castiglione Olona ITA"]
[Date "1995.12.??"]
[Round "7"]
[White "Bellini, Fabio"]
[Black "Contini, Luca"]
[Result "1-0"]
[WhiteElo "2350"]
[BlackElo "2315"]
[PlyCount "93"]
[EventDate "1995.12.27"]

1. d4 Nf6 2. Nf3 e6 3. Bg5 c5 4. e3 cxd4 5. exd4 Qb6 6. Qc1 Nc6 7. c3 d5 8. Bd3
Bd7 9. Nbd2 Rc8 10. Qb1 Na5 11. a4 Nc4 12. Bxc4 dxc4 13. Ne5 Qa5 14. Bxf6 gxf6
15. Ndxc4 Qa6 16. Nxd7 Kxd7 17. b3 Qc6 18. O-O Bg7 19. Qd3 Rcd8 20. d5 Qxd5 21.
Qe3 Ke7 22. Qxa7 f5 23. Qe3 Rhg8 24. g3 h5 25. Rad1 Qxd1 26. Rxd1 Rxd1+ 27. Kg2
Rgd8 28. Qf3 R1d7 29. h4 Bf6 30. a5 Rc7 31. Na3 Rd5 32. Qf4 Be5 33. Qb4+ Bd6
34. Qb6 Rc6 35. Qxb7+ Rc7 36. Qb6 Rxc3 37. Nc4 Bc5 38. Qc7+ Kf6 39. Nb6 Rd2 40.
Nd7+ Rxd7 41. Qxd7 Rc2 42. b4 Bxf2 43. Qd3 Rb2 44. Kf1 Ke5 45. b5 f4 46. gxf4+
Kxf4 47. Qc3 1-0

[Event "Festival Seprio A"]
[Site "Castiglione Olona ITA"]
[Date "1995.12.??"]
[Round "7"]
[White "Contin, Daniel"]
[Black "Naumkin, Igor"]
[Result "0-1"]
[WhiteElo "2365"]
[BlackElo "2455"]
[PlyCount "52"]
[EventDate "1995.12.27"]

1. c4 e5 2. Nc3 Nf6 3. Nf3 Nc6 4. a3 d5 5. cxd5 Nxd5 6. e4 Nf4 7. d4 exd4 8.
Bxf4 dxc3 9. Qc2 Qf6 10. Bg5 Qg6 11. Bd3 Bg4 12. Be3 cxb2 13. Qxb2 O-O-O 14.
Ke2 Rxd3 15. Kxd3 Be7 16. Rab1 b6 17. Rhc1 f5 18. Nd4 Rd8 19. Rxc6 Qxc6 20. f3
fxe4+ 21. fxe4 Bc5 22. Rc1 Bh5 23. Qf2 Bg6 24. Qf4 Qd7 25. Rc4 Bf7 26. Kc3 Bxc4
0-1

[Event "Festival Seprio A"]
[Site "Castiglione Olona ITA"]
[Date "1995.12.??"]
[Round "7"]
[White "Djuric, Stefan"]
[Black "Nurkic, Sahbaz"]
[Result "1-0"]
[WhiteElo "2470"]
[BlackElo "2420"]
[PlyCount "47"]
[EventDate "1995.12.27"]

1. d4 g6 2. e4 Bg7 3. Nf3 d6 4. Nc3 Bg4 5. Be3 Nc6 6. Bb5 Bd7 7. O-O Nf6 8. e5
Ng4 9. exd6 cxd6 10. Bg5 O-O 11. h3 Nf6 12. Re1 a6 13. Bf1 Ne8 14. Qd2 f6 15.
Be3 Rc8 16. Rad1 Kh8 17. Bh6 Qa5 18. a3 e5 19. Be3 Bf5 20. g4 Bd7 21. b4 Qxa3
22. Ra1 Qxc3 23. Qxc3 Nxd4 24. Bxd4 1-0

[Event "Festival Seprio A"]
[Site "Castiglione Olona ITA"]
[Date "1995.12.??"]
[Round "7"]
[White "Rossi, Giampiero"]
[Black "Medancic, Rikard"]
[Result "0-1"]
[WhiteElo "2135"]
[BlackElo "2340"]
[PlyCount "61"]
[EventDate "1995.12.27"]

1. d4 d5 2. c4 c6 3. cxd5 cxd5 4. Nc3 Nf6 5. Nf3 Nc6 6. Bf4 Qb6 7. Na4 Qb4+ 8.
Bd2 Qd6 9. e3 Ne4 10. Be2 Bg4 11. O-O e6 12. h3 Bh5 13. Nc3 Nxd2 14. Qxd2 Be7
15. Rfc1 O-O 16. Na4 Bg6 17. Ne1 b6 18. Nd3 f6 19. Rc3 Na5 20. b3 Rac8 21. Rac1
Rxc3 22. Qxc3 Rd8 23. Nf4 Bf7 24. Bb5 Qb8 25. Qc7 Bd6 26. Qxb8 Bxb8 27. Nc3 Bd6
28. h4 Be8 29. Rc2 Rc8 30. a4 Kf7 31. Ba6 0-1

[Event "Festival Magistrale"]
[Site "Cava de' Tirreni ITA"]
[Date "1995.12.08"]
[Round "1"]
[White "Ortega, Lexy"]
[Black "Collutiis, Duilio"]
[Result "1-0"]
[WhiteElo "2440"]
[BlackElo "2017"]
[PlyCount "37"]
[EventDate "1995.12.08"]

1. d4 Nf6 2. Nf3 e6 3. g3 Be7 4. c4 d5 5. Bg2 O-O 6. O-O c6 7. Qc2 Nbd7 8. b3
Re8 9. Nc3 Bd6 10. Rd1 Nf8 11. Bb2 Ng6 12. e4 dxe4 13. Nxe4 Nxe4 14. Qxe4 Qc7
15. h4 Bd7 16. h5 Nf8 17. h6 g6 18. Ne5 Be7 19. Qf4 1-0

[Event "Festival Magistrale"]
[Site "Cava de' Tirreni ITA"]
[Date "1995.12.08"]
[Round "1"]
[White "Sulava, Nenad"]
[Black "D'Amore, Emanuele"]
[Result "0-1"]
[WhiteElo "2390"]
[BlackElo "1992"]
[PlyCount "70"]
[EventDate "1995.12.08"]

1. d4 c5 2. dxc5 Na6 3. a3 Nxc5 4. b4 Ne6 5. Bb2 d5 6. e3 Nf6 7. Nf3 a6 8. Nbd2
g6 9. c4 Bg7 10. cxd5 Nxd5 11. Qb3 O-O 12. Be2 b5 13. O-O Bb7 14. Bxg7 Kxg7 15.
Rfc1 Qb6 16. Qb2+ f6 17. Nb3 Rac8 18. Nfd4 Nxd4 19. exd4 Nf4 20. Bf1 Bd5 21.
Nc5 Rfd8 22. Re1 Qd6 23. g3 Ne6 24. Re3 Ng5 25. Qe2 Re8 26. Re1 e5 27. Bg2 Bxg2
28. Kxg2 Qc6+ 29. f3 exd4 30. Re7+ Rxe7 31. Qxe7+ Kh6 32. Ne4 Re8 33. Qc5 Qxc5
34. bxc5 f5 35. h4 Nf7 0-1

[Event "Festival Magistrale"]
[Site "Cava de' Tirreni ITA"]
[Date "1995.12.08"]
[Round "2"]
[White "Cocozza, Mario"]
[Black "Efimov, Igor"]
[Result "1/2-1/2"]
[WhiteElo "2315"]
[BlackElo "2450"]
[PlyCount "85"]
[EventDate "1995.12.08"]

1. e4 e5 2. Nf3 Nc6 3. Bb5 g6 4. d4 exd4 5. Nxd4 Bg7 6. Nxc6 bxc6 7. Bd3 Nf6 8.
O-O O-O 9. c4 d6 10. Nc3 Nd7 11. Be3 c5 12. f4 Re8 13. Qc2 Rb8 14. Kh1 f5 15.
Rae1 Bxc3 16. bxc3 fxe4 17. Bxe4 Nf6 18. Bd3 Ng4 19. Bg1 Rxe1 20. Rxe1 Kg7 21.
Qe2 Bd7 22. Qe7+ Kg8 23. h3 Qxe7 24. Rxe7 Nf6 25. Bf2 Kf8 26. Re2 Kf7 27. g4 h5
28. f5 gxf5 29. gxf5 a5 30. Bh4 a4 31. Bg5 Re8 32. Rxe8 Bxe8 33. Kh2 Bc6 34. a3
Be4 35. Bxf6 Bxd3 36. Bd8 Bxf5 37. Bxc7 Ke7 38. h4 Kd7 39. Bb8 Be6 40. Kg3 Bxc4
41. Kf4 Kc6 42. Ke3 Bf7 43. Kd2 1/2-1/2

[Event "Festival Magistrale"]
[Site "Cava de' Tirreni ITA"]
[Date "1995.12.09"]
[Round "3"]
[White "Efimov, Igor"]
[Black "Aleksic, Nenad"]
[Result "1-0"]
[WhiteElo "2450"]
[BlackElo "2445"]
[PlyCount "51"]
[EventDate "1995.12.08"]

1. d4 Nf6 2. c4 e6 3. Nc3 Bb4 4. e3 b6 5. Nf3 Ne4 6. Qc2 Bb7 7. Bd3 f5 8. O-O
Bxc3 9. bxc3 O-O 10. a4 c5 11. a5 Rf6 12. Ne1 Rh6 13. g3 Rg6 14. f3 Ng5 15. e4
fxe4 16. fxe4 e5 17. Bxg5 Qxg5 18. Nf3 Qe3+ 19. Kg2 exd4 20. Rae1 Qh6 21. cxd4
cxd4 22. c5 Nc6 23. a6 Bc8 24. Bc4+ Kh8 25. Ne5 Rf6 26. Nf7+ 1-0

[Event "Festival Magistrale"]
[Site "Cava de' Tirreni ITA"]
[Date "1995.12.09"]
[Round "3"]
[White "Ortega, Lexy"]
[Black "Laketic, Gojko"]
[Result "1-0"]
[WhiteElo "2440"]
[BlackElo "2420"]
[PlyCount "89"]
[EventDate "1995.12.08"]

1. d4 Nf6 2. Nf3 e6 3. Bf4 b6 4. e3 Bb7 5. Nbd2 Be7 6. Bd3 Nh5 7. Bg3 d6 8. Qe2
a6 9. O-O-O Nd7 10. e4 c6 11. e5 d5 12. c4 g6 13. Kb1 O-O 14. cxd5 cxd5 15. Rc1
Nb8 16. Rc3 Nc6 17. Rhc1 Nb4 18. a3 Nxd3 19. Qxd3 Rc8 20. Rxc8 Bxc8 21. Ng1 Qd7
22. Ne2 Qb7 23. Nf4 Nxg3 24. Qxg3 Kh8 25. h4 Rg8 26. Nf3 h6 27. Nh2 Qd7 28. Ng4
h5 29. Nf6 Bxf6 30. exf6 e5 31. dxe5 Qf5+ 32. Ka1 d4 33. Rc7 Bd7 34. Qg5 Qxg5
35. hxg5 Rd8 36. Kb1 Bf5+ 37. Kc1 Kg8 38. Kd2 d3 39. e6 fxe6 40. Nxg6 Bxg6 41.
Rg7+ Kf8 42. Rxg6 e5 43. f3 Kf7 44. Rg7+ Ke6 45. f7 1-0